000 01123nam a22004097a 4500
001 BR2015006144
003 BR-BrBNA
005 20230928104740.0
007 ta
008 230509b bl.||||| |||| 00| 0 por d
040 _aBR-BrBNA
_bpor
_cBiblioteca Nacional de Agricultura
041 _a(Por)
072 _aF01
_b0940
090 _ 0940 BR2015006144
100 1 _aSilva, C.C. da
100 1 _aMenino, I.B.
100 1 _aPereira, S. de O.
110 1 _aEmpresa Estadual de Pesquisa Agropecuária da Paraíba, João Pessoa, PB (Brasil)
_94212
245 1 _aCultivo da videira Isabel precoce no agreste paraibano
250 1 _a1. ed.
260 3 _aJoão Pessoa, PB:
_c2015.
300 _a84 p.
500 _a38 ref.; Summary (Por); 25 illus.; 6 tables
650 _aVITICULTURA
650 _aVITIS VINIFERA
650 _aPRODUÇÃO VEGETAL
650 _aSOLO
650 _aPLANTIO
650 _aPODA
650 _aIRRIGAÇÃO
650 _aCUSTO
650 _aCOLHEITA
650 _aPRODUTIVIDADE
650 _aCOMERCIALIZAÇÃO
909 _a202309
_bLucia
_c55
_dLucia Elande
942 _cBK
999 _c81548
_d81548